| 000 | 00848nam a2200217 a 4500 | ||
|---|---|---|---|
| 008 | 120416s1982 ||||||||||||||||| || u | ||
| 020 | _a0387176101 | ||
| 050 | _aQC 61 Fis | ||
| 100 | _aFischbeck, Helmut J., 1928- | ||
| 245 | 1 | 0 | _aFormulas, facts and constants for students and professionals in engineering, chemistry and physics |
| 250 | _a2nd rev ed. | ||
| 260 |
_aBerlin: _bSpringer-Verlag _c1982 |
||
| 300 | _axv, 260p. : ill | ||
| 350 | _a0.00 | ||
| 500 | _aIncludes index. | ||
| 650 | 0 | _aCHEMISTRY, PHYSICAL AND THEORETICAL--HANDBOOKS, MANUALS, ETC | |
| 650 | _aENGINEERING--HANDBOOKS,MANUALS, E.T.C | ||
| 650 | _aPHYSICS--HANDBOOKS, MANUALS, ETC | ||
| 700 | _aFischbeck, Kurt, 1898- | ||
| 995 |
_D0.00 _FCBU-MAIN LIBRARY (Kitwe) _H1 _I23.00 _UDAMAGED _ZMain Library Open Access Collection |
||
| 999 |
_c43827 _d43827 |
||